This is Tripura. (Record no. 83403)

MARC details
000 -LEADER
fixed length control field 00569cam a22002171 4500
001 - CONTROL NUMBER
control field sa 68010473
003 - CONTROL NUMBER IDENTIFIER
control field DLC
005 - DATE AND TIME OF LATEST TRANSACTION
control field 20260227112552.0
008 - FIXED-LENGTH DATA ELEMENTS--GENERAL INFORMATION
fixed length control field 880930s1967 ii ac 000 0 eng
010 ## - LIBRARY OF CONGRESS CONTROL NUMBER
LC control number sa 68010473
025 ## - OVERSEAS ACQUISITION NUMBER
Overseas acquisition number PL480:I-E-10019
035 ## - SYSTEM CONTROL NUMBER
System control number (OCoLC)18548606
040 ## - CATALOGING SOURCE
Original cataloging agency DLC
Transcribing agency MiEM
Modifying agency DLC
042 ## - AUTHENTICATION CODE
Authentication code premarc
050 00 - LIBRARY OF CONGRESS CALL NUMBER
Classification number DS485.T8
Item number A57
110 1# - MAIN ENTRY--CORPORATE NAME
Corporate name or jurisdiction name as entry element Tripura, India (Union Ter.).
Subordinate unit Publicity Department.
245 10 - TITLE STATEMENT
Title This is Tripura.
260 ## - PUBLICATION, DISTRIBUTION, ETC.
Place of publication, distribution, etc. [Agartala?
Date of publication, distribution, etc. 1967]
300 ## - PHYSICAL DESCRIPTION
Extent 46 p.
Other physical details illus., ports.
Dimensions 22 cm.
651 #0 - SUBJECT ADDED ENTRY--GEOGRAPHIC NAME
Geographic name Tripura (India)

No items available.

Powered by Koha